| 000 | 00796cam a22002533 4500 | ||
|---|---|---|---|
| 001 | 45355 | ||
| 005 | 20230410130805.0 | ||
| 008 | 060720s2005 xx 000 0 eng d | ||
| 035 | _a(OCoLC)ocn149460280 | ||
| 040 |
_aBTCTA _cBTCTA |
||
| 020 | _a9789264011267 | ||
| 020 | _a9264011269 | ||
| 049 | _aGRAL | ||
| 050 | 1 | 4 | _aPP |
| 245 | 0 | 0 | _aOECD Economic Outlook June 2005. |
| 246 | 3 | _aOrganization for Economic Cooperation and Development economic outlook occasional studies | |
| 246 | 3 | 0 | _aOccasional studies |
| 260 |
_bParis, _bOrganisation for Economic Cooperation and Development, _c2005 |
||
| 650 | 0 |
_aEconomic history _xStatistics _vPeriodicals |
|
| 720 | _aOrganisation for Economic Co-Operation and Development | ||
| 942 |
_2lcc _cbk |
||
| 946 | _ajoacosta | ||
| 994 |
_aC0 _bDRFGD |
||
| 999 |
_c80457 _d80457 |
||